000 00712nam a2200289Ia 4500
005 20260324143358.0
008 008 260324s9999 xx 000 0 eng d
020 _a9780367854430
037 _aEBOOK
040 _aCRL
040 _beng
040 _cCRL
041 _2eng
041 _aeng
084 _qCRL
100 _aRoma S. Hanks; Linda M. Matocha; Marvin B. Sussman
_91215413
245 0 _aPublishing in Journals on the Family
245 0 _bEssays on Publishing
260 _bTaylor and Francis
260 _c1992
365 _a
365 _b120
856 _uhttp://www.taylorfrancis.com/books/9780367854430
942 _cEBOOK
999 _c1820754
_d1820754